Central Library OPAC University of Rajshahi

কবি হেয়াত মামুদ / (Record no. 53513)

MARC details
000 -LEADER
fixed length control field 01056nam a2200241 a 4500
001 - CONTROL NUMBER
control field 53513
003 - CONTROL NUMBER IDENTIFIER
rucl marc code BD-RjUL
005 - DATE AND TIME OF LATEST TRANSACTION
control field 20211209075956.0
008 - FIXED-LENGTH DATA ELEMENTS--GENERAL INFORMATION
fixed length control field 170615r19671961bg ||||| |||| 00| 0 ben d
035 ## - SYSTEM CONTROL NUMBER
System control number (BD-RjUL)53634
040 ## - CATALOGING SOURCE
Original cataloging agency BD-RjUL
Language of cataloging ben
Transcribing agency BD-RjUL
Modifying agency BD-RjUL
041 ## - LANGUAGE CODE
Language code of text/sound track or separate title ben
082 ## - DEWEY DECIMAL CLASSIFICATION NUMBER
Edition number 23
Classification number 891.44109
Author mark and year ISK 1961
100 ## - MAIN ENTRY--PERSONAL NAME
Personal name ইসলাম, মযহারুল
9 (RLIN) 126598
245 10 - TITLE STATEMENT
Title কবি হেয়াত মামুদ /
Statement of responsibility, etc. মযহারুল ইসলাম
250 ## - EDITION STATEMENT
Edition statement ১ম সং.
260 ## - PUBLICATION, DISTRIBUTION, ETC. (IMPRINT)
Place of publication, distribution, etc. রাজশাহী :
Name of publisher, distributor, etc. বাংলা বিভাগ, রাজশাহী বিশ্ববিদ্যালয়,
Date of publication, distribution, etc. ১৯৬১ [বাঁধাই ১৯৬৭]
300 ## - PHYSICAL DESCRIPTION
Pagination বিভিন্ন পৃ. :
Illustrations চিত্র ;
Size ২৪ সেমি.
600 ## - SUBJECT ADDED ENTRY--PERSONAL NAME
Personal name মামুদ, হেয়াত
General subdivision জীবনী
650 ## - SUBJECT ADDED ENTRY--TOPICAL TERM
Topical term or geographic name as entry element বাংলা কবিতা
General subdivision ইতিহাস ও সমালোচনা
9 (RLIN) 218942
Topical term or geographic name as entry element Bengali Poetry
General subdivision History and Criticism
9 (RLIN) 218943
942 ## - ADDED ENTRY ELEMENTS (KOHA)
Source of classification or shelving scheme Dewey Decimal Classification
Koha item type Books
Holdings
Lost status Source of classification or shelving scheme Damaged status Not for loan Collection code Permanent Location Current Location Shelving location Date acquired Source of acquisition Cost, normal purchase price Total Checkouts Full call number Date last seen Copy number Koha item type Date checked out
  Dewey Decimal Classification   Not For Loan Fiction Central Library, University of Rajshahi Central Library, University of Rajshahi Reading Room 04/03/1965 Bangla dept. R.U 15.00   B 891.44109 ISK 1961 16/10/2016 C-1 Books  
  Dewey Decimal Classification     Fiction Central Library, University of Rajshahi Central Library, University of Rajshahi   04/03/1965 Bangla dept. R.U 15.00   B 891.44109 ISK 1961 16/10/2016 C-2 Books  
  Dewey Decimal Classification     Non-fiction Central Library, University of Rajshahi Central Library, University of Rajshahi   05/04/1967 Nawroge kitabstan, Dhaka 15.00 1 B 891.44109 ISK 1967 05/11/2024 C-3 Books 05/11/2024
  Dewey Decimal Classification     Fiction Central Library, University of Rajshahi Central Library, University of Rajshahi   05/04/1967 Nowroze Kitabistan, Dacca 15.00   B 891.44109 ISK 1967 15/06/2017 C-4 Books  
  Dewey Decimal Classification     Fiction Central Library, University of Rajshahi Central Library, University of Rajshahi   04/03/1965 Bengali Dept., R. U. 75.00   B 891.44109 ISK 1961 30/10/2017 C-5 Books  
  Dewey Decimal Classification     Fiction Central Library, University of Rajshahi Central Library, University of Rajshahi   05/04/1967 Dhaka, Nawroze Kitabistan 15.00   B 891.44109 ISK 1967 04/04/2018 C-6 Books  
  Dewey Decimal Classification     Non-fiction Central Library, University of Rajshahi Central Library, University of Rajshahi   04/03/1965 R.U. Dept. of Bengali 75.00   B 891.44109 ISK 1961 18/08/2021 C-7 Books  
  Dewey Decimal Classification     Non-fiction Central Library, University of Rajshahi Central Library, University of Rajshahi   04/03/1965 Bangla Department, R.U. 75.00   B 891.44109 ISK 1961 24/10/2021 C-8 Books  
  Dewey Decimal Classification     Non-fiction Central Library, University of Rajshahi Central Library, University of Rajshahi General Stacks 17/11/2022 Dept. of Bangla, RU 75.00   B 891.44109 ISK 1961 17/11/2022 C-9 Books